Les grands courants de la pensée mathématique

Furkejuvvon:
Bibliográfalaš dieđut
Váldodahkki: Le Lionnais, Francois (Dahkki)
Materiálatiipa: Girji
Giella:fránskkagiella
Almmustuhtton: París Albert Blanchard 1962
Ráidu:L'humanisme scientifique de demain
Fáttát:
Fáddágilkorat: Lasit fáddágilkoriid
Eai fáddágilkorat, Lasit vuosttaš fáddágilkora!

MARC

LEADER 00000nam a2200000 a 4500
001 UCW1582
003 CL-VaPUC
008 920806e19620000FR |||||||||||||||||fre|d
082 0 4 |a 510.1  |b LEL  |2 21 
100 |a Le Lionnais, Francois  |e author  |9 591351 
245 1 4 |a Les grands courants de la pensée mathématique 
300 |a 559 p 
942 |c BK 
945 |d 19920806 00:00:00 
260 |a París  |b Albert Blanchard  |c 1962 
650 0 |a Filosofía de las matemáticas   |9 265233 
650 0 |a Matemática  |9 260235 
583 |a last modification  |c 19920806 00:00:00  |k Rodrigo Vera 
490 0 |a L'humanisme scientifique de demain 
999 |c 216458  |d 216456 
952 |0 0  |1 0  |4 0  |6 510_100000000000000_LEL_1962  |7 0  |8 A  |9 202183  |a BIBMAT  |b BIBMAT  |d 2019-11-14  |i 2693070  |o 510.1 LEL 1962  |p 2693070  |r 2025-01-07  |w 2019-11-14  |y BK  |k MAT